Central Library OPAC University of Rajshahi

Re-emergence of the Muslim Brothers in Egypt / (Record no. 57675)

MARC details
000 -LEADER
fixed length control field 00963nam a2200289 a 4500
001 - CONTROL NUMBER
control field 57675
003 - CONTROL NUMBER IDENTIFIER
rucl marc code BD-RjUL
005 - DATE AND TIME OF LATEST TRANSACTION
control field 20211209080536.0
008 - FIXED-LENGTH DATA ELEMENTS--GENERAL INFORMATION
fixed length control field 111216s1995 ii b 001 0 eng
020 ## - INTERNATIONAL STANDARD BOOK NUMBER
International Standard Book Number 817095052X :
Terms of availability Rs200.00
035 ## - SYSTEM CONTROL NUMBER
System control number (BD-RjUL) 57799
040 ## - CATALOGING SOURCE
Original cataloging agency DLC
Transcribing agency DLC
Language of cataloging eng
Modifying agency BD-RjUL
041 ## - LANGUAGE CODE
Language code of text/sound track or separate title eng
082 ## - DEWEY DECIMAL CLASSIFICATION NUMBER
Edition number 23
Classification number 322.420962
Author mark and year BAR 1995
100 1# - MAIN ENTRY--PERSONAL NAME
Personal name Bari, Johurul.
9 (RLIN) 171277
245 10 - TITLE STATEMENT
Title Re-emergence of the Muslim Brothers in Egypt /
Statement of responsibility, etc. Zohurul Bari.
260 ## - PUBLICATION, DISTRIBUTION, ETC. (IMPRINT)
Place of publication, distribution, etc. New Delhi :
Name of publisher, distributor, etc. Lancers Books,
Date of publication, distribution, etc. 1995.
300 ## - PHYSICAL DESCRIPTION
Pagination xvi, 165 p. ;
Size 23 cm.
504 ## - BIBLIOGRAPHY, ETC. NOTE
Bibliography, etc Includes bibliographical references (p. [149]-162) and index.
610 20 - SUBJECT ADDED ENTRY--CORPORATE NAME
Corporate name or jurisdiction name as entry element Jamiyat al-Ikhwan al-Muslimin (Egypt)
650 #0 - SUBJECT ADDED ENTRY--TOPICAL TERM
Topical term or geographic name as entry element Islam
Geographic subdivision Egypt
General subdivision History.
9 (RLIN) 171279
Topical term or geographic name as entry element Islam and politics
Geographic subdivision Egypt.
9 (RLIN) 171280
651 #0 - SUBJECT ADDED ENTRY--GEOGRAPHIC NAME
Geographic name Egypt
General subdivision Politics and government
Chronological subdivision 1970-1981.
9 (RLIN) 171281
942 ## - ADDED ENTRY ELEMENTS (KOHA)
Source of classification or shelving scheme Dewey Decimal Classification
Koha item type Books
Holdings
Lost status Source of classification or shelving scheme Damaged status Not for loan Collection code Permanent Location Current Location Shelving location Date acquired Source of acquisition Cost, normal purchase price Total Checkouts Full call number Date last seen Copy number Koha item type
  Dewey Decimal Classification   Not For Loan Non-fiction Central Library, University of Rajshahi Central Library, University of Rajshahi Reading Room 20/02/2020 Paragon Enterprises Dhaka 200.00   322.420962 BAR 1995 11/12/2016 C-1 Books